书目信息 |
| 题名: |
东西街
|
|
| 作者: | 桑兹 著 ;吴筱筠, 译 | |
| 分册: | ||
| 出版信息: | 北京 民主与建设出版社 2020.06 |
|
| 页数: | 498页 | |
| 开本: | 21cm | |
| 丛书名: | ||
| 单 册: | ||
| 中图分类: | I561.45 | |
| 科图分类: | ||
| 主题词: | 长篇小说--chang pian xiao shuo--英国--现代 | |
| 电子资源: | ||
| ISBN: | 978-7-5139-2928-8 | |
| 000 | 01330nam0 2200289 450 | |
| 001 | 011025152728 | |
| 005 | 20221025152728.0 | |
| 010 | @a978-7-5139-2928-8@b精装@dCNY88.00 | |
| 099 | @aCAL 012020208801 | |
| 100 | @a20201004d2020 em y0chiy0120 ea | |
| 101 | 1 | @achi@ceng |
| 102 | @aCN@b110000 | |
| 105 | @aab z 000ay | |
| 106 | @ar | |
| 200 | 1 | @a东西街@Adong xi jie@e灭绝种族罪和危害人类罪的起源@f(英) 菲利普·桑兹著@d= East west street@fPhilippe Sands@g吴筱筠译@zeng |
| 210 | @a北京@c民主与建设出版社@d2020.06 | |
| 215 | @a498页@c图, 地图@d21cm | |
| 312 | @a英文题名取自版权页 | |
| 314 | @a菲利普·桑兹,国际律师。 | |
| 330 | @a本书作者运用小说式的写作技巧,围绕着作者的外祖父莱昂·布赫霍尔茨、“二战”时期担任波兰总督的纳粹头目汉斯·弗兰克、国际法教授赫希·劳特派特,以及检察官兼律师拉斐尔·莱姆金四个主要人物展开叙述,以不着痕迹的文笔,恰到好处的表述将几个家族的故事完美地交织在一起。 | |
| 500 | 10 | @aEast west street : on the origins of genocide and crimes against humanity@mChinese |
| 517 | 1 | @a灭绝种族罪和危害人类罪的起源@Amie jue zhong zu zui he wei hai ren lei zui de qi yuan |
| 606 | 0 | @a长篇小说@Achang pian xiao shuo@y英国@z现代 |
| 690 | @aI561.45@v5 | |
| 701 | 1 | @a桑兹@Asang zi@g(Sands, Philippe)@4著 |
| 702 | 0 | @a吴筱筠,@Awu xiao jun ,@f1986-@4译 |
| 905 | @a河南城建学院图书馆@dI561.45@eF320 | |
| 东西街:灭绝种族罪和危害人类罪的起源/(英) 菲利普·桑兹著= East west street/Philippe Sands/吴筱筠译.-北京:民主与建设出版社,2020.06 |
| 498页:图, 地图;21cm |
| ISBN 978-7-5139-2928-8(精装):CNY88.00 |
| 本书作者运用小说式的写作技巧,围绕着作者的外祖父莱昂·布赫霍尔茨、“二战”时期担任波兰总督的纳粹头目汉斯·弗兰克、国际法教授赫希·劳特派特,以及检察官兼律师拉斐尔·莱姆金四个主要人物展开叙述,以不着痕迹的文笔,恰到好处的表述将几个家族的故事完美地交织在一起。 |
| ● |
| 相关链接 |
|
|
|
正题名:东西街
索取号:I561.45/F320
 
预约/预借
| 序号 | 登录号 | 条形码 | 馆藏地/架位号 | 状态 | 备注 |
| 1 | 1585492 | 215854920 | 文学库116/116文学库 21排5列5层/ [索取号:I561.45/F320] | 在馆 | |
| 2 | 1585493 | 215854939 | 文学库116/116文学库 21排5列5层/ [索取号:I561.45/F320] | 在馆 |